|
|
|
|
| LEADER |
00000nam0a2200000 4500 |
| 001 |
307122 |
| 005 |
20231102001948.0 |
| 035 |
|
|
|a (RuTPU)RU\TPU\book\332415
|
| 090 |
|
|
|a 307122
|
| 100 |
|
|
|a 20151015d1986 m y0rusy50 ca
|
| 101 |
0 |
|
|a rus
|
| 102 |
|
|
|a RU
|
| 105 |
|
|
|a a z 001ab
|
| 200 |
1 |
|
|a Книга путешествий
|f А. Г. Битов
|g авт. послесл. Л. Аннинский
|
| 210 |
|
|
|a Москва
|c Известия
|d 1986
|
| 215 |
|
|
|a 608 с.
|c ил.
|
| 320 |
|
|
|a Об авторе: с. 598-607
|
| 606 |
1 |
|
|a Русская литература современная
|2 stltpush
|3 (RuTPU)RU\TPU\subj\26373
|9 50316
|
| 610 |
1 |
|
|a художественная литература
|
| 610 |
1 |
|
|a советская литература
|
| 610 |
1 |
|
|a повествование
|
| 610 |
1 |
|
|a путешествия
|
| 610 |
1 |
|
|a впечатления
|
| 675 |
|
|
|a Р2
|v 4
|
| 700 |
|
1 |
|a Битов
|b А. Г.
|c русский писатель
|f 1937-2018
|g Андрей Георгиевич
|2 stltpush
|3 (RuTPU)RU\TPU\pers\4791
|9 1038
|
| 702 |
|
1 |
|a Аннинский
|b Л.
|4 075
|
| 801 |
|
1 |
|a RU
|b 63413507
|c 20151015
|
| 801 |
|
2 |
|a RU
|b 63413507
|c 20220411
|g RCR
|
| 942 |
|
|
|c BK
|